Metodyczne i kompetencyjne uwarunkowania rozwoju nowego produktu w przedsiebiorstwach przemyslowych
Guardado en:
| Autor principal: | |
|---|---|
| Formato: | Libro |
| Lenguaje: | polaco |
| Publicado: |
Poznan
Wydawnictwo Akademii Ekonomicznej w Poznaniu
2006
|
| Colección: | Prace habilitacyjne
22 |
| Materias: | |
| Etiquetas: |
Sin Etiquetas, Sea el primero en etiquetar este registro!
|
MARC
| LEADER | 00000nam$a2200000$$$4500 | ||
|---|---|---|---|
| 001 | 0042743 | ||
| 005 | 20240318120334.5 | ||
| 020 | |a 83-7417-134-0 | ||
| 022 | |a 1642-3119 | ||
| 041 | 0 | |a pol | |
| 044 | |a PL | ||
| 245 | 1 | 0 | |a Metodyczne i kompetencyjne uwarunkowania rozwoju nowego produktu w przedsiebiorstwach przemyslowych |c Ireneusz P. Rutkowski |
| 264 | 1 | |a Poznan |b Wydawnictwo Akademii Ekonomicznej w Poznaniu |c 2006 | |
| 300 | |a 354 s. | ||
| 490 | 1 | |a Prace habilitacyjne |v 22 | |
| 830 | 0 | |a Prace habilitacyjne |v 22 | |
| 610 | 2 | 0 | |a podnik priemyselný |
| 610 | 2 | 0 | |a produkty |
| 610 | 2 | 0 | |a výrobky nové |
| 610 | 2 | 0 | |a štrukturalizácia |
| 610 | 2 | 0 | |a proces informačný |
| 610 | 2 | 0 | |a analýzy |
| 610 | 2 | 0 | |a konkurencia |
| 100 | 1 | |a Rutkowski, Ireneusz | |